000 00715nam a2200205Ii 4500
003 JO-AjNU
008 230605s9999||||xx |||||||||||||| ||und||
040 _aJO-AjNU
_bara
_erda
_cJO-AjNU
041 _aara
050 1 4 _aTK5105.5.T355 2006
100 3 _aالتميمي، عبدالفتاح/ م مشارك عماد ابو عيد ,
_eauthor
_929742
245 0 0 _aشبكات الحاسوب والانترنت خطوة......خطوة
250 _aط العربية
264 3 1 _aعمان:دار اليازوري ، 2006
300 _a228ص
336 _atext
_btxt
_2rdacontent
337 _aunmediated
_bn
_2rdamedia
338 _avolume
_bnc
_2rdacarrier
650 4 _aموضوع خاص بالحاسوب
_929743
999 _aA11705
_c15273
_d15273